00791nam a22001937a 450000500170000000800410001702000180005804100080007604400070008408200180009111000440010924501040015326000760025730000390033350400560037265000510042865000740047965000440055320140915120311.0150914n ck ad gr o00010 spa d a9789806810457 aspa ack04a628.53bB67p 1 aBogotá (Colombia). bAlcaldía Mayor10aPlan Decenal de Descontaminación del Aire para BogotábGloria Maribel Torres Ramírez, editora a[Bogotá?]bAlcaldia Mayor de Bogotá D.C., c[fecha no identificada] a323 p.bil., gráficas ; c30 cm. aIncluye referencias bibliográficas (pag. 291-294) 4aContaminación del airez Bogotá (Colombia) 4aContaminación del airex Controlz Bogotá (Colombia)v Programas. 4aControl ambientalz Bogotá (Colombia)